| 000 | 00532nam a22001935i 4500 | ||
|---|---|---|---|
| 001 | 12174 | ||
| 003 | ES-MaACL | ||
| 005 | 20230906150245.0 | ||
| 007 | t| | ||
| 008 | 931216s1993 sp ||||0| spa j | ||
| 020 | _a84-604-2173-7 | ||
| 080 | _a860-31"19" | ||
| 100 | 1 |
_aGarcía Smith. _955305 |
|
| 245 | 1 | 0 |
_aMemorias y brevas / _cGarcía Smith. |
| 250 | _a1ª ed. | ||
| 260 |
_aMadrid : _bDiógenes Internacional, _c1992. |
||
| 300 |
_a324 p. ; _c18 cm. |
||
| 852 |
_aES-MaACL _jC-35885 _bR.121099 _q. - Ded. autógr. del autor |
||
| 999 |
_c12174 _d12174 |
||